000 00974nam a2200253 i 4500
001 bg
245 0 0 _aPotencjał gospodarczy i społeczny wybranych krajów Europy i świata /
_cred. Zofia Tomczonek ; Politechnika Białostocka. Wydział Zarządzania.
260 _aBiałystok :
_bPolitechnika Białostocka,
_c2007.
300 _a539, [3] s. :
_bil. ;
_c23 cm.
490 1 _aRozprawy Naukowe / Politechnika Białostocka,
_x0867-096X ;
_vnr 155
504 _aBibliogr. s. 513-532 i przy pracach.
546 _aTekst częśc. ang., białorus., ros. Streszcz. ang. przy pracach.
650 9 _aGlobalizacja
650 9 _aMiędzynarodowe stosunki gospodarcze
700 1 _aTomczonek, Zofia
_d(1943- ).
_eRed.
830 0 _aRozprawy Naukowe - Politechnika Białostocka ;
_vnr 155
015 _aPB 1500/2009
040 _cBPK
041 0 _apol
_abel
_aeng
_arus
_beng
044 _aPOL
080 _a339.9:005.44
942 _cKS
008 090807s2007 pl a |000 0 pol
999 _c56641
_d56641
856 _uhttp://koha.tu.koszalin.pl/cgi-bin/koha/opac-detail.pl?biblionumber=56641
_yKatalog online BPK